| 000 | 00388 a2200157 4500 | ||
|---|---|---|---|
| 001 | 154801 | ||
| 040 | _cEscola São Tomás de Aquino | ||
| 100 | _aCOMPARATO, Bruno Konder | ||
| 240 | 1 | 0 |
_aSociologia Geral _lpor |
| 245 | 1 | 0 | _aSociologia Geral |
| 300 | _a288 | ||
| 362 | 0 | _a2010 | |
| 440 | 1 | _aEscala Educacional | |
| 697 | _aCiências sociais, sociologia e antropologia | ||
| 942 | _cBK | ||
| 999 |
_c154801 _d154801 |
||